Normal view
MARC view
- Santhi M ary Mathew
Entry Personal Name
001 - CONTROL NUMBER
- control field: 3227
003 - CONTROL NUMBER IDENTIFIER
- control field: OSt
005 - DATE AND TIME OF LATEST TRANSACTION
- control field: 20180725162900.0
008 - FIXED-LENGTH DATA ELEMENTS
- fixed length control field: 180725|| aca||aabn | a|a d
040 ## - CATALOGING SOURCE
- Original cataloging agency: OSt
- Transcribing agency: OSt
100 ## - HEADING--PERSONAL NAME
- Personal name: Santhi M ary Mathew
670 ## - SOURCE DATA FOUND
- Source citation: Work cat.: (OSt): Fathima K.S Keerthana E Misha M.R Shimi W.U 3226, Development of a user friendly tool for pulp/seed seperation from toddy palm fruit, 2018
